| 000 | 01090nam0a22002771 4500 | ||
|---|---|---|---|
| 001 | rc\2794877 | ||
| 005 | 20260407141824.0 | ||
| 035 | _a(NLR Aleph) 006920952 | ||
| 090 |
_a7445910 _c7445910 |
||
| 100 | _a20110915d1935 |||y0rusy50 ca | ||
| 101 | 0 | _arus | |
| 102 | _aRU | ||
| 105 | _ay j ||||| | ||
| 200 | 1 |
_aУчебный план школ бригадиров-полеводов _fСост. Домрачев, Коробов _gНар. ком. зерн. и жив. совхозов СССР |
|
| 210 |
_aМосква _cтип. "Раб. Москва" _d1935 |
||
| 215 |
_aОбл., 18 с., 1 с. "Для заметок" _d22х14 см. |
||
| 300 | _aВ конце текста: "Сост. Домрачев и Коробов" | ||
| 702 | 1 |
_aКоробов _4220 |
|
| 702 | 1 |
_aДомрачев _bД.В. _gДмитрий Васильевич _4220 |
|
| 712 | 0 | 1 |
_aСССР _bГлавное упр. мясосовхозов _3RU\NLR\AUTH\8810010551 _9518764 |
| 801 | 0 |
_aRU _bNLR _gpsbo |
|
| 801 | 1 |
_aRU _bELAR _2rusmarc |
|
| 852 |
_aNLR _j35-10/1976 |
||
| 942 | _cBOOK | ||
| 980 | _aNB | ||